000 00802nam a2200241 a 4500
001 44878
003 BD-RjUL
005 20211209053930.0
008 160720s1962 bg ||||| |||| 00| 0 ben d
020 _c: PRs 3.50
035 _a(BD-RjUL)44996
040 _aBD-RjUL
_bben
_cBD-RjUL
041 _aben
082 _223
_a891.443
_bISS 1962
100 _aইসহাক, আবু
_9125879
245 1 0 _aসূর্য-দীঘল বাড়ী /
_cআবু ইসহাক
250 _a১ম পাক. সং.
260 _aঢাকা :
_bনওরোজ কিতাবস্থান,
_c১৯৬২
300 _a১৯৫ পৃ. ;
_c২১ সেমি.
650 _aবাংলা উপন্যাস
_9125880
650 _aBengali Fiction
_9125881
942 _2ddc
_cBK
999 _c44878
_d44878